История одной любви: Повести

Detaylı Bibliyografya
Yazar: Вакуловская Л. А. Лидия Александровна
Diğer Yazarlar: Сытченко В. И. (иллюстратор)
Dil:Rusça
Baskı/Yayın Bilgisi: Минск, Мастацкая лiтаратура, 1988
Konular:
Materyal Türü: Kitap
KOHA link:https://koha.lib.tpu.ru/cgi-bin/koha/opac-detail.pl?biblionumber=134297

MARC

LEADER 00000nam0a2200000 4500
001 134297
005 20231031135630.0
010 |a 5340001253 
020 |a RU  |b 89-7596 
035 |a (RuTPU)RU\TPU\book\145561 
090 |a 134297 
100 |a 20080327d1988 m y0rusy5003 ca 
101 0 |a rus 
102 |a BY 
105 |a a z 000ay 
200 1 |a История одной любви  |e Повести  |f Л. А. Вакуловская  |g худож. В. И. Сытченко 
210 |a Минск  |c Мастацкая лiтаратура  |d 1988 
215 |a 415,[1] с.  |c ил.  |d 22 см 
327 1 |a Содерж.: История одной любви; Три дня до получки; Свадьбы 
610 1 |a советская литература 
610 1 |a повести 
675 |a Р2  |z rus 
700 1 |a Вакуловская  |b Л. А.  |g Лидия Александровна  |4 070 
702 1 |a Сытченко  |b В. И.  |4 440 
801 0 |a RU  |b RuMRKP  |c 19950417  |g psbo 
801 1 |a RU  |b 63413507  |c 20080327  |g PSBO 
801 2 |a RU  |b 63413507  |c 20080327  |g PSBO 
942 |c BK